Zustrič z čarodijem slova-

Podrobná bibliografia
Hlavný autor: Makara, Sergej, 1937-2022 (Autor)
Médium: Kniha
Jazyk:ukrajinčina
PhysicalDescription:24 s. faks. 20 cm
Vydavateľské údaje: Bratislava Dafons 2014
ISBN:9788096977239
Predmet:

MARC

LEADER 00000nam a2200000 a 4500
001 vtls010587155
003 SK-MaSNL
005 20260301133722.0
008 240314s2014 xo h g 000 m ukr
015 |a SNBA2014/05 
020 |a 9788096977239  |q (brož.) 
035 |a 3822FA18-0727-4EB5-82ED-030736A72C5A 
035 |a urn:nbn:sk:snk-amkc9c 
035 |a urn:nbn:sk:snk-am003olt 
040 |a SNK  |b slo  |c SNK  |e AACR2 
041 0 |a ukr 
044 |a xo  |c SK 
072 7 |a 821.161  |x Východoslovanské literatúry  |2 konspekt 
080 |a 821.161.2-1  |2 2001 
080 |a (0:82-4)  |2 2001 
100 1 |a Makara, Sergej,  |d 1937-2022  |4 aut  |9 86033 
245 1 0 |a Zustrič z čarodijem slova-  |c Serhij Makara 
246 1 1 |a Stretnutie s čarodejom slova 
260 |a Bratislava  |b Dafons  |c 2014 
300 |a 24 s.  |b faks.  |c 20 cm 
500 |a Na tit. s. a na obale: Bans'ka Bystrycja - 2014 
500 |a Vlastným nákladom autora 
500 |a Tir. aj v slov. 
600 1 7 |a Ševčenko, Taras Hryhorovyč,  |d 1814-1861  |2 SNKMA  |9 117034 
655 7 |a ukrajinská poézia  |2 SNKPH  |9 70502 
655 7 |a Ukrainian poetry  |2 SNKPHeng  |9 324529 
655 7 |a Essays  |2 SNKPHeng  |9 267540 
655 7 |a eseje  |2 SNKPH  |9 57030 
919 |a 978-80-969772-3-9 
958 |a UK 
958 |a LX 
958 |a NM 
999 |c 754530  |d 756460 
952 |a SNK  |b SNK  |y PREZ  |7 0  |p 17A1108002  |o snkSD 83042  |i snk2014/8573  |8 0  |0 0  |1 0  |4 0  |d 2014-04-02  |f 1  |l 0  |r 2025-12-04 00:00:00  |w 2026-02-23 
952 |a SNK  |b SNK  |y VYP  |7 0  |p 17A1108001  |o snkSD 83042 D1  |i snk2014/8574  |8 0  |0 0  |1 0  |4 0  |d 2014-04-02  |l 0  |r 2017-06-30 00:00:00  |w 2026-02-23